| 000 | 00382nam a2200145Ia 4500 | ||
|---|---|---|---|
| 999 |
_c3314 _d3314 |
||
| 008 | 200103s 1997 ||||xx |||||||||||||| ||und|| | ||
| 020 | _a9780071159821 | ||
| 082 |
_a660.28 _bPER |
||
| 100 | _aPerry, Robert H | ||
| 245 | 0 | _aPerry's chemical engineers' handbook | |
| 250 | _a7th ed. | ||
| 260 |
_bMcGraw-Hill _c1997 _aNew York |
||
| 300 | _axix, various pages | ||
| 942 | _cBK | ||